|
|
|
|
| LEADER |
01054nam a2200277 u 4500 |
| 001 |
10112259 |
| 003 |
upatras |
| 005 |
20250328063536.0 |
| 008 |
140313s1964 us eng |
| 040 |
|
|
|a GR-PaULI
|c GR-PaULI
|
| 041 |
0 |
|
|a eng
|
| 082 |
0 |
4 |
|a 185.1
|
| 100 |
1 |
|
|a Mure, G. R. G.
|d 1893-
|q ((Geoffrey Reginald Gilchrist))
|4 aut
|9 137274
|
| 245 |
1 |
0 |
|a Aristotle
|c G. R. G. Mure
|
| 260 |
|
|
|a New York
|b Oxford University Press
|c 1964
|
| 300 |
|
|
|a vii, 280 p.
|c 21 cm.
|
| 490 |
0 |
|
|a A Galaxy book
|
| 504 |
|
|
|a Includes bibliographical references and index
|
| 650 |
|
4 |
|a Αριστοτελική φιλοσοφία
|9 2639
|
| 600 |
1 |
0 |
|a Αριστοτέλης,
|d 384 π.Χ.-322 π.Χ.
|9 10130
|
| 760 |
0 |
|
|a A Galaxy book
|
| 852 |
|
|
|a GR-PaULI
|b ΠΑΤΡΑ
|b ΠΤΔΕ
|b ΓΕΡ
|k ΑΣΧΞ
|h 185.1 MUR
|m 10101
|p 025000140903
|t 1
|
| 942 |
|
|
|2 ddc
|c BK15
|
| 952 |
|
|
|0 0
|1 0
|4 0
|6 185_100000000000000_MUR
|7 0
|9 164263
|a PTDE
|b PTDE
|d 2016-04-24
|i 10101
|l 0
|o 185.1 MUR
|p 025000140903
|r 2016-04-24 00:00:00
|t 1
|w 2016-04-24
|y BK15
|
| 998 |
|
|
|c ΤΣΕΝΕ
|d 2014-03
|
| 999 |
|
|
|c 103025
|d 103025
|